| Tag |
First Indicator |
Second Indicator |
Subfields |
| LEADER |
00000cam a2200000Ii 4500 |
| 001 |
in00002259708 |
| 005 |
20151105101543.0 |
| 008 |
790209s1962 ohuabe 000 0 eng |
| 010 |
|
|
|a 67058876
|
| 029 |
1 |
|
|a NLGGC
|b 036189855
|
| 029 |
1 |
|
|a NZ1
|b 3329941
|
| 035 |
|
|
|a (OCoLC)ocm04635345
|
| 035 |
|
|
|a (OCoLC)4635345
|
| 040 |
|
|
|a DLC
|c BNG
|d TXA
|d UtOrBLW
|
| 043 |
|
|
|a e-gr---
|
| 049 |
|
|
|a TXAM
|
| 050 |
|
0 |
|a NA277
|b .B54 1962
|
| 100 |
1 |
|
|a Blegen, Carl W.
|q (Carl William),
|d 1887-1971.
|
| 245 |
1 |
2 |
|a A guide to the Palace of Nestor /
|c [by Carl W. Blegen and Marion Rawson.
|
| 264 |
|
1 |
|a Cincinnati] :
|b University of Cincinnati,
|c 1962.
|
| 300 |
|
|
|a 32 pages :
|b illustrations, map, plans. ;
|c 22 cm.
|
| 336 |
|
|
|a text
|b txt
|2 rdacontent
|
| 337 |
|
|
|a unmediated
|b n
|2 rdamedia
|
| 338 |
|
|
|a volume
|b nc
|2 rdacarrier
|
| 490 |
1 |
|
|a Excavations of the University of Cincinnati. Guide book ;
|v no. 1
|
| 610 |
2 |
0 |
|a Palace of Nestor (Pylos, Greece)
|
| 700 |
1 |
|
|a Rawson, Marion.
|
| 830 |
|
0 |
|a Excavations of the University of Cincinnati.
|p Guide book ;
|v no. 1.
|
| 948 |
|
|
|a cataloged
|b h
|c 2007/8/24
|d c
|e fpiscitelli
|f 2:55:39 pm
|
| 994 |
|
|
|a C0
|b TXA
|
| 999 |
|
|
|a MARS
|
| 999 |
f |
f |
|s 882ef412-381f-36ca-af04-45e07e9dc139
|i 64521444-1876-32be-bf16-b267abd4ca05
|t 0
|
| 952 |
f |
f |
|p noncirc
|a Texas A&M University
|b College Station
|c Sterling C. Evans Library
|d Bodrum (located in Turkey)
|t 0
|e NA277 .B54 1962
|h Library of Congress classification
|i unmediated -- volume
|
| 998 |
f |
f |
|a NA277 .B54 1962
|t 0
|l Bodrum (located in Turkey)
|